000 00661nam a2200289Ia 4500
005 20260324125914.0
008 008 260324s9999 xx 000 0 eng d
020 _a9781315834207
037 _aEBOOK
040 _aCRL
040 _beng
040 _cCRL
041 _2eng
041 _aeng
084 _qCRL
100 _aJulia Hickey
_91179778
245 0 _aLiteracy for QTLS
245 0 _bAchieving the Minimum Core
260 _bTaylor and Francis
260 _c2008
365 _a
365 _b230
856 _uhttp://www.taylorfrancis.com/books/9781315834207
942 _cEBOOK
999 _c1775434
_d1775434